Municipios españoles más poblados que comienzan con C - Estadísticas

Estadísticas generales
  • Esta prueba ha sido intentada 2.483 veces
  • La puntuación promedio es 9 de 20
Estadísticas de respuestas
Población Municipio Comunidad % Correcto
324.418 Córdoba Andalucía
92%
96.195 Cáceres Extremadura
88%
218.196 Cartagena Murcia
86%
175.915 Castelló de la Plana Com. Valenciana
81%
112.077 Cádiz Andalucía
80%
83.052 Ceuta Ciudad Autónoma
79%
53.630 Cuenca Castilla-La Mancha
66%
75.254 Ciudad Real Castilla-La Mancha
64%
80.146 Coslada Madrid
34%
90.076 Cornellà de Llobregat Cataluña
30%
68.327 Castelldefels Cataluña
27%
88.770 Chiclana de la Frontera Andalucía
25%
33.160 Castro Urdiales Cantabria
24%
31.669 Ciutadella de Menorca Baleares
24%
55.100 Colmenar Viejo Madrid
21%
36.441 Cambrils Cataluña
18%
66.260 Collado Villalba Madrid
17%
53.496 Calvià Baleares
16%
35.183 Cieza Murcia
16%
57.752 Cerdanyola del Vallès Cataluña
11%
No se encontraron pruebas coincidentes
Distribución de puntuación
Porcentaje de gente con cada puntuación
Porcentaje por número respondido
Historial de tus puntuaciones
No has intentado esta prueba.